| 000 | 00856nam a2200241 a 4500 | ||
|---|---|---|---|
| 001 | BRCA_1701 | ||
| 005 | 20190320203520.0 | ||
| 008 | 040930s2004 mx-a---##b---#000-0#spa-# | ||
| 020 | _a9703503500 | ||
| 020 | _a9685011354 | ||
| 040 |
_aDLC _cDLC |
||
| 050 | 4 |
_aND2644 _b.I88 2004 |
|
| 100 | 1 |
_aIturbe, Mercedes _95315 |
|
| 245 | 1 | 0 |
_aQuimera de los murales del Palacio de Bellas Artes _cMercedes Iturbe, Carlos Monsiváis, Néstor García Canclini. |
| 260 |
_aMéxico _bMuseo del Palacio de Bellas Artes _c2004 |
||
| 300 |
_a183 p. _bil. a color _c30 cm. |
||
| 610 | 2 | 4 |
_aPalacio de Bellas Artes (Museo) _vExposiciones _zMéxico _95316 |
| 650 | 1 | 4 |
_aPintura mural mexicana _vExposiciones _ySiglo XX _94893 |
| 650 | 1 | 4 |
_apintura mural _zMéxico _95317 |
| 700 | 1 |
_aMonsiváis, Carlos _d1938- _9109 |
|
| 700 | 1 |
_aGarcía Canclini, Néstor _9474 |
|
| 942 |
_2lcc _cB |
||
| 999 |
_c1492 _d1492 |
||